[Event "Titled Tuesday intern op 17th Sep Early"]
[Site "Chess,com INT"]
[Date "2024.09.17"]
[Round "10"]
[White "Bennett, David Michael"]
[Black "Tsyhanchuk, Stanislav"]
[Result "1-0"]
[WhiteElo "2039"]
[BlackElo "2273"]
[PlyCount "103"]
[EventDate "2024.09.17"]
[EventType "swiss (blitz)"]
[EventRounds "11"]
[EventCountry "USA"]
[SourceTitle "EXT 2025"]
[Source "ChessBase"]
[SourceDate "2024.10.14"]
[SourceVersion "1"]
[SourceVersionDate "2024.10.14"]
[SourceQuality "1"]

1. f4 d5 2. b3 Nf6 3. Nf3 g6 4. Bb2 Bg7 5. e3 c5 6. Be2 Nc6 7. 0-0 0-0 8. Ne5 Qc7 9. Bf3 Be6 10. c4 d4 11. Nxc6 bxc6 12. e4 Qxf4 13. d3 a5 14. a4 Rab8 15. Ba3 Qd6 16. Ra2 h5 17. Rb2 Ng4 18. Bxg4 Bxg4 19. Qe1 Bh6 20. Qxa5 Be3+ 21. Kh1 Qe6 22. Qxc5 h4 23. Qxe7 Qc8 24. Qxh4 Re8 25. Be7 Rb7 26. Bf6 Bh5 27. Rf3 Re6 28. Rh3 Rxf6 29. Qxf6 Qg4 30. Qf1 Re7 31. Nd2 Re6 32. Nf3 Rf6 33. Rg3 Qe6 34. Re2 Bf4 35. Rh3 Be3 36. Rxh5 gxh5 37. g3 Bh6 38. Qg2 Qg4 39. Rf2 Be3 40. Rf1 Qg6 41. h3 c5 42. Kh2 Ra6 43. Nh4 Qg7 44. Rf5 Rb6 45. Qf3 Rxb3 46. Rxh5 Rb2+ 47. Ng2 Kf8 48. Qf5 Rxg2+ 49. Kxg2 Qg8 50. Qf6 Ke8 51. Rh8 Kd7 52. Rxg8 1-0

[Event "Titled Tuesday intern op 17th Sep Early"]
[Site "Chess,com INT"]
[Date "2024.09.17"]
[Round "2"]
[White "Bennett, David Michael"]
[Black "Turzo, Attila"]
[Result "0-1"]
[WhiteElo "2039"]
[BlackElo "2278"]
[PlyCount "96"]
[EventDate "2024.09.17"]
[EventType "swiss (blitz)"]
[EventRounds "11"]
[EventCountry "USA"]
[SourceTitle "EXT 2025"]
[Source "ChessBase"]
[SourceDate "2024.10.14"]
[SourceVersion "1"]
[SourceVersionDate "2024.10.14"]
[SourceQuality "1"]

1. f4 c5 2. b3 g6 3. Bb2 Nf6 4. Nf3 Bg7 5. e3 0-0 6. Be2 Nc6 7. 0-0 d5 8. Bb5 Bd7 9. a4 Rc8 10. Qe2 d4 11. e4 Ne8 12. e5 Nc7 13. Ng5 a6 14. Bc4 Nb4 15. Na3 Bc6 16. Rab1 Rb8 17. e6 f6 18. Nf7 Qc8 19. a5 Bd5 20. f5 gxf5 21. Rbe1 Bxe6 22. Bxe6 Qxe6 23. Nh6+ Bxh6 24. Qxe6+ Nxe6 25. Rxe6 Kf7 26. Rfe1 Rfe8 27. Bc1 Nd5 28. R6e2 e5 29. Nc4 Rbd8 30. Bb2 f4 31. d3 Ne3 32. Rf2 Nxc4 33. bxc4 Ke6 34. g3 fxg3 35. hxg3 f5 36. Rfe2 Kd6 37. c3 Be3+ 38. Kg2 Rg8 39. cxd4 exd4 40. Rb1 f4 41. Bc1 Rxg3+ 42. Kh2 Rdg8 43. Bxe3 dxe3 44. Rxb7 Ke5 45. Rb6 Kd4 46. Rd6+ Kc3 47. Ra2 R8g6 48. Rd5 Rh6+ 0-1

[Event "Titled Tuesday intern op 17th Sep Early"]
[Site "Chess,com INT"]
[Date "2024.09.17"]
[Round "5"]
[White "Bennett, David Michael"]
[Black "Vingris, Mikelis"]
[Result "0-1"]
[WhiteElo "2039"]
[BlackElo "2170"]
[PlyCount "74"]
[EventDate "2024.09.17"]
[EventType "swiss (blitz)"]
[EventRounds "11"]
[EventCountry "USA"]
[SourceTitle "EXT 2025"]
[Source "ChessBase"]
[SourceDate "2024.10.14"]
[SourceVersion "1"]
[SourceVersionDate "2024.10.14"]
[SourceQuality "1"]

1. c4 c5 2. b3 Nc6 3. g3 e5 4. Bg2 g6 5. Bb2 Bg7 6. d3 Nge7 7. Nc3 0-0 8. e3 d6 9. Nge2 Be6 10. Nd5 f5 11. f4 Qd7 12. 0-0 Rae8 13. Qd2 h6 14. Rad1 Bxd5 15. cxd5 Nb4 16. e4 Kh7 17. fxe5 dxe5 18. a3 Na6 19. Bh3 Qd6 20. Nc3 Nc7 21. Rc1 b6 22. Na4 h5 23. b4 Bh6 24. Qc2 Bxc1 25. Rxc1 fxe4 26. bxc5 bxc5 27. dxe4 g5 28. Qxc5 Qxc5+ 29. Rxc5 Na6 30. Ra5 g4 31. Bf1 Nb8 32. Rxa7 Kg6 33. Bxe5 Nxd5 34. Bxb8 Rxb8 35. Ra6+ Kg7 36. Bc4 Rb1+ 37. Kg2 Ne3# 0-1

[Event "Titled Tuesday intern op 13th Aug Early"]
[Site "Chess.com INT"]
[Date "2024.08.13"]
[Round "10"]
[White "Bennett, David Michael"]
[Black "Bravo De la Vega, Alvaro"]
[Result "0-1"]
[WhiteElo "2039"]
[BlackElo "2244"]
[PlyCount "74"]
[EventDate "2024.08.13"]
[EventType "swiss (blitz)"]
[EventRounds "11"]
[EventCountry "USA"]
[SourceTitle "EXT 2025"]
[Source "ChessBase"]
[SourceDate "2024.10.14"]
[SourceVersion "1"]
[SourceVersionDate "2024.10.14"]
[SourceQuality "1"]

1. c4 Nf6 2. g3 g6 3. Bg2 Bg7 4. Nc3 0-0 5. e3 c5 6. Nge2 Nc6 7. 0-0 Rb8 8. d4 cxd4 9. exd4 d6 10. h3 Bd7 11. Be3 a6 12. Rc1 b5 13. c5 dxc5 14. dxc5 Qc8 15. Kh2 Rd8 16. Qe1 Be6 17. Nf4 Bc4 18. Rh1 e5 19. Nfe2 Nd4 20. b3 Be6 21. Nd1 Bxh3 22. Bxd4 Bxg2 23. Kxg2 exd4 24. c6 d3 25. c7 d2 26. cxd8Q+ Qxd8 27. Qf1 Qd5+ 28. f3 dxc1Q 29. Nxc1 Qd2+ 30. Nf2 Nd5 31. Qe1 Ne3+ 32. Kh2 Rd8 33. Ne2 Nc2 34. Qf1 Ne3 35. Qe1 Qxa2 36. Ne4 f5 37. N4c3 Bxc3 0-1

[Event "Titled Tuesday intern op 13th Aug Early"]
[Site "Chess.com INT"]
[Date "2024.08.13"]
[Round "8"]
[White "Bennett, David Michael"]
[Black "Piddubna, Bozhena"]
[Result "1/2-1/2"]
[WhiteElo "2039"]
[BlackElo "2155"]
[PlyCount "141"]
[EventDate "2024.08.13"]
[EventType "swiss (blitz)"]
[EventRounds "11"]
[EventCountry "USA"]
[SourceTitle "EXT 2025"]
[Source "ChessBase"]
[SourceDate "2024.10.14"]
[SourceVersion "1"]
[SourceVersionDate "2024.10.14"]
[SourceQuality "1"]

1. c4 Nf6 2. g3 e6 3. Nf3 Be7 4. Bg2 b6 5. Ne5 c6 6. 0-0 0-0 7. d4 d5 8. Nc3 Bb7 9. e4 dxc4 10. Nxc4 Nbd7 11. e5 Nd5 12. Ne4 Ba6 13. b3 c5 14. Re1 cxd4 15. Qxd4 Bc5 16. Nxc5 Nxc5 17. Nd6 Nd3 18. Rd1 Nxc1 19. Raxc1 Qe7 20. Bxd5 exd5 21. Qxd5 Rad8 22. f4 Be2 23. Re1 Bg4 24. Qe4 h5 25. f5 Qg5 26. Qf4 Qe7 27. Kg2 g5 28. Qf2 h4 29. h3 hxg3 30. Qxg3 Bh5 31. f6 Qe6 32. Qxg5+ Bg6 33. h4 Rxd6 34. exd6 Qf5 35. Qxf5 Bxf5 36. Re5 Kh7 37. Rxf5 Rg8+ 38. Kf3 Rg6 39. Rd5 Rxf6+ 40. Ke4 Re6+ 41. Kd4 Re2 42. d7 Rd2+ 43. Kc3 Rxd5 44. Re1 Rxd7 45. Re4 Kg6 46. Rf4 f6 47. Kc4 a6 48. b4 Rd6 49. a4 Rd1 50. a5 bxa5 51. bxa5 Ra1 52. Kb4 Ra2 53. Rf3 Kh5 54. Rxf6 Kxh4 55. Rxa6 Kg5 56. Kb3 Ra1 57. Ra8 Kg6 58. a6 Kg7 59. a7 Ra6 60. Kb4 Ra1 61. Kb5 Rb1+ 62. Kc6 Ra1 63. Kb7 Rb1+ 64. Kc7 Ra1 65. Kd7 Rb1 66. Kc6 Ra1 67. Kd5 Ra2 68. Kc4 Ra5 69. Kb4 Ra1 70. Kb5 Rb1+ 71. Kc6 1/2-1/2

[Event "Titled Tuesday intern op 13th Aug Early"]
[Site "Chess.com INT"]
[Date "2024.08.13"]
[Round "2"]
[White "Bolat, Inayat"]
[Black "Bennett, David Michael"]
[Result "1-0"]
[WhiteElo "2264"]
[BlackElo "2039"]
[PlyCount "75"]
[EventDate "2024.08.13"]
[EventType "swiss (blitz)"]
[EventRounds "11"]
[EventCountry "USA"]
[SourceTitle "EXT 2025"]
[Source "ChessBase"]
[SourceDate "2024.10.14"]
[SourceVersion "1"]
[SourceVersionDate "2024.10.14"]
[SourceQuality "1"]

1. e4 c6 2. d4 d5 3. e5 Bf5 4. Be2 c5 5. dxc5 Nc6 6. Nf3 e6 7. 0-0 Bxc5 8. c3 Bb6 9. a4 Bc7 10. Bb5 a6 11. Bxc6+ bxc6 12. Nd4 Bg6 13. f4 Ne7 14. Nd2 c5 15. N4f3 Nf5 16. Qe1 d4 17. Nc4 Qd5 18. b3 0-0 19. g4 Ne7 20. cxd4 cxd4 21. Ba3 Rfe8 22. Rd1 Nc6 23. Qf2 d3 24. h4 Be4 25. Ng5 h6 26. Nxe4 Qxe4 27. Rfe1 Qd5 28. Qe3 Rad8 29. Bd6 Bxd6 30. Nxd6 Re7 31. Rxd3 Qa5 32. Red1 Rb8 33. Qd2 Nb4 34. Rd4 Qb6 35. Kh2 Nc6 36. Rd3 Nb4 37. Nc4 Qc5 38. Rd8+ 1-0

[Event "Titled Tuesday intern op 13th Aug Early"]
[Site "Chess.com INT"]
[Date "2024.08.13"]
[Round "6"]
[White "Cansun, Can Alp"]
[Black "Bennett, David Michael"]
[Result "0-1"]
[WhiteElo "2147"]
[BlackElo "2039"]
[PlyCount "142"]
[EventDate "2024.08.13"]
[EventType "swiss (blitz)"]
[EventRounds "11"]
[EventCountry "USA"]
[SourceTitle "EXT 2025"]
[Source "ChessBase"]
[SourceDate "2024.10.14"]
[SourceVersion "1"]
[SourceVersionDate "2024.10.14"]
[SourceQuality "1"]

1. e4 b6 2. d4 Bb7 3. Nc3 e6 4. f4 d5 5. e5 Ne7 6. Nf3 Nf5 7. Bd3 g6 8. 0-0 h5 9. Bxf5 gxf5 10. Be3 Be7 11. Bf2 h4 12. h3 Nd7 13. Qd2 Nf8 14. Rfd1 Ng6 15. Ne2 Ba6 16. b3 Bxe2 17. Qxe2 Nxf4 18. Qe1 Rg8 19. Nxh4 Nxh3+ 20. Kh2 Nxf2 21. Qxf2 Bxh4 22. Qf3 Bg3+ 23. Kg1 Qh4 24. Kf1 0-0-0 25. Ke2 Qe4+ 26. Qxe4 dxe4 27. c3 Rg7 28. Rh1 Rdg8 29. Rag1 Bf4 30. Rh4 Bg5 31. Rh5 f4 32. c4 Be7 33. Kf1 f3 34. Rh2 e3 35. g4 Bb4 36. Rh3 e2+ 37. Kf2 e1Q+ 38. Rxe1 Bxe1+ 39. Kxe1 Rxg4 40. Rxf3 Rg1+ 41. Ke2 R8g2+ 42. Kd3 Rg3 43. Ke4 Rxf3 44. Kxf3 Ra1 45. Ke4 Kd7 46. d5 Ke7 47. b4 Rxa2 48. c5 b5 49. d6+ Kd7 50. Kd4 cxd6 51. cxd6 Ra4 52. Kc5 a6 53. Kb6 Ra3 54. Kc5 Rc3+ 55. Kb6 Rc4 56. Kxa6 Rxb4 57. Kb6 Rb1 58. Kc5 b4 59. Kc4 b3 60. Kc3 b2 61. Kc2 Re1 62. Kxb2 Rxe5 63. Kc3 Rd5 64. Kc4 f5 65. Kc3 f4 66. Kc4 f3 67. Kc3 f2 68. Kc4 f1Q+ 69. Kc3 Qb5 70. Kc2 Qc4+ 71. Kb2 Rb5+ 0-1

[Event "Titled Tuesday intern op 09th Jul Early"]
[Site "Chess.com INT"]
[Date "2024.07.09"]
[Round "2"]
[White "Bennett, David Michael"]
[Black "Cherepov, Alexej"]
[Result "0-1"]
[WhiteElo "2039"]
[BlackElo "2087"]
[PlyCount "64"]
[EventDate "2024.07.09"]
[EventType "swiss (blitz)"]
[EventRounds "11"]
[EventCountry "USA"]
[SourceTitle "EXT 2025"]
[Source "ChessBase"]
[SourceDate "2024.10.14"]
[SourceVersion "1"]
[SourceVersionDate "2024.10.14"]
[SourceQuality "1"]

1. f4 e5 2. fxe5 d6 3. exd6 Bxd6 4. Nf3 g5 5. g3 g4 6. Nh4 Ne7 7. d4 Ng6 8. Nxg6 hxg6 9. Qd3 Nc6 10. c3 Qe7 11. Nd2 Bf5 12. e4 0-0-0 13. Bg2 Rde8 14. 0-0 Bd7 15. e5 Nxe5 16. dxe5 Bc5+ 17. Kh1 Rxh2+ 18. Kxh2 Rh8+ 19. Bh3 Bc6 20. Ne4 Rxh3+ 21. Kg2 Qxe5 22. Rf4 f5 23. Be3 Bxe4+ 24. Rxe4 fxe4 25. Bd4 Qh5 26. Qb5 Rh2+ 27. Kf1 Rh1+ 28. Ke2 Qh2+ 29. Ke3 Qxg3+ 30. Kd2 Rh2+ 31. Kd1 Qf3+ 32. Kc1 Qh1+ 0-1

[Event "Titled Tuesday intern op 25th Jun Early"]
[Site "Chess.com INT"]
[Date "2024.06.25"]
[Round "3"]
[White "Bennett, David Michael"]
[Black "Weisz, Bryan"]
[Result "0-1"]
[WhiteElo "2039"]
[BlackElo "2003"]
[PlyCount "68"]
[EventDate "2024.06.25"]
[EventType "swiss (blitz)"]
[EventRounds "11"]
[EventCountry "USA"]
[SourceTitle "EXT 2025"]
[Source "ChessBase"]
[SourceDate "2024.10.14"]
[SourceVersion "1"]
[SourceVersionDate "2024.10.14"]
[SourceQuality "1"]

1. f4 d6 2. b3 e5 3. fxe5 dxe5 4. Bb2 Bc5 5. Bxe5 Nf6 6. e3 Nc6 7. Bb5 Qd5 8. Nf3 Bg4 9. Bxf6 gxf6 10. Nc3 Qh5 11. Ne4 Be7 12. Qe2 Bxf3 13. Bxc6+ bxc6 14. gxf3 Rg8 15. 0-0-0 Qe5 16. d4 Qa5 17. Kb1 Bb4 18. c4 0-0-0 19. Nxf6 Rg6 20. Ne4 f5 21. Ng3 f4 22. Ne4 fxe3 23. Rhg1 Rxd4 24. Rxg6 Rxd1+ 25. Qxd1 hxg6 26. Qd3 Qe5 27. Qxe3 Qxh2 28. Nc3 Ba3 29. Nd1 Qd6 30. Qe2 Qd4 31. Qc2 Kb7 32. Qe2 a5 33. Ne3 a4 34. Nc2 Qb2# 0-1

[Event "Titled Tuesday intern op 25th Jun Early"]
[Site "Chess.com INT"]
[Date "2024.06.25"]
[Round "6"]
[White "Fayard, Alain"]
[Black "Bennett, David Michael"]
[Result "0-1"]
[WhiteElo "2139"]
[BlackElo "2039"]
[PlyCount "86"]
[EventDate "2024.06.25"]
[EventType "swiss (blitz)"]
[EventRounds "11"]
[EventCountry "USA"]
[SourceTitle "EXT 2025"]
[Source "ChessBase"]
[SourceDate "2024.10.14"]
[SourceVersion "1"]
[SourceVersionDate "2024.10.14"]
[SourceQuality "1"]

1. d4 b6 2. c4 Bb7 3. Nc3 e6 4. e4 Bb4 5. d5 e5 6. Nf3 Bxc3+ 7. bxc3 d6 8. Bd3 Ne7 9. Ng5 Ng6 10. Qh5 Qf6 11. 0-0 Nf4 12. Bxf4 exf4 13. e5 dxe5 14. Nxh7 Rxh7 15. Qxh7 g6 16. Rae1 Nd7 17. Qh3 0-0-0 18. c5 Rh8 19. Qg4 Rh4 20. Qf3 Nxc5 21. c4 g5 22. Be4 g4 23. Qd3 Qh8 24. Qe2 Rxh2 25. Qxg4+ Kb8 26. f3 Rh4 27. Qf5 Bc8 28. Qxf7 Rh1+ 29. Kf2 Qh4+ 30. Ke2 Nxe4 31. fxe4 Bg4+ 32. Kd3 Rxf1 33. Rxf1 Qg3+ 34. Kc2 Qxg2+ 35. Kb3 Qxf1 36. Qe8+ Bc8 37. Qxe5 Qd3+ 38. Kb2 f3 39. Qf4 Qe2+ 40. Kc3 f2 41. d6 f1Q 42. dxc7+ Kb7 43. Qd6 Qxc4+ 0-1

[Event "Titled Tuesday intern op 25th Jun Early"]
[Site "Chess.com INT"]
[Date "2024.06.25"]
[Round "1"]
[White "Grutter, Tim"]
[Black "Bennett, David Michael"]
[Result "1-0"]
[WhiteElo "2313"]
[BlackElo "2039"]
[PlyCount "73"]
[EventDate "2024.06.25"]
[EventType "swiss (blitz)"]
[EventRounds "11"]
[EventCountry "USA"]
[SourceTitle "EXT 2025"]
[Source "ChessBase"]
[SourceDate "2024.10.14"]
[SourceVersion "1"]
[SourceVersionDate "2024.10.14"]
[SourceQuality "1"]

1. d4 b6 2. e4 Bb7 3. Bd3 e6 4. c3 d6 5. f4 Nd7 6. Nf3 Ne7 7. 0-0 g6 8. f5 exf5 9. exf5 gxf5 10. Bg5 Rg8 11. Bh4 Rg4 12. Bxf5 Rf4 13. Bxd7+ Qxd7 14. Bg3 Rg4 15. Nbd2 0-0-0 16. a4 Nd5 17. Re1 Bh6 18. Nf1 Rdg8 19. a5 Nf4 20. axb6 axb6 21. Ra7 Nh5 22. Qa4 Qxa4 23. Rxa4 Nxg3 24. hxg3 f5 25. Re6 Bc6 26. Ra7 R8g6 27. Re7 Bd7 28. Ra8+ Kb7 29. Rh8 Bc6 30. Rhxh7 Rg7 31. Rexg7 Bxg7 32. Ne3 Rxg3 33. Nxf5 Rxf3 34. gxf3 Bf6 35. Nxd6+ Ka6 36. Rxc7 Bxf3 37. Rf7 1-0

[Event "Titled Tuesday intern op 18th Jun Early"]
[Site "Chess.com INT"]
[Date "2024.06.18"]
[Round "5"]
[White "Bennett, David Michael"]
[Black "Da Silva, Lindolfo Luiz"]
[Result "0-1"]
[WhiteElo "2039"]
[BlackElo "2182"]
[PlyCount "86"]
[EventDate "2024.06.18"]
[EventType "swiss (blitz)"]
[EventRounds "11"]
[EventCountry "USA"]
[SourceTitle "EXT 2025"]
[Source "ChessBase"]
[SourceDate "2024.10.14"]
[SourceVersion "1"]
[SourceVersionDate "2024.10.14"]
[SourceQuality "1"]

1. f4 e5 2. fxe5 d6 3. exd6 Bxd6 4. Nf3 Nf6 5. e3 0-0 6. Be2 Bg4 7. 0-0 Nc6 8. Nc3 Qe7 9. Nb5 Bxf3 10. Bxf3 Bxh2+ 11. Kxh2 Qe5+ 12. Kg1 Qxb5 13. d4 Rad8 14. c3 Rfe8 15. Qc2 Ne7 16. e4 Ng6 17. e5 Nd7 18. a4 Qc4 19. Bxb7 c5 20. b3 Qe6 21. Be4 cxd4 22. cxd4 Rc8 23. Qd3 Red8 24. Bf5 Qb6 25. Be3 Rb8 26. Qe4 Qxb3 27. e6 Nf6 28. exf7+ Qxf7 29. Qc2 Qe7 30. Bf2 Rbc8 31. Qb1 Nf4 32. Bxc8 Rxc8 33. Re1 Qd7 34. Qd1 Qd5 35. Qf3 Qg5 36. Re3 Rf8 37. Re5 Qh6 38. Rae1 Ng6 39. Qb3+ Kh8 40. Re6 Ng4 41. Re8 Qf4 42. Rxf8+ Nxf8 43. Rf1 Qh2# 0-1

[Event "Titled Tuesday intern op 18th Jun Early"]
[Site "Chess.com INT"]
[Date "2024.06.18"]
[Round "2"]
[White "Bennett, David Michael"]
[Black "Matyassy, Lazar"]
[Result "0-1"]
[WhiteElo "2039"]
[BlackElo "2130"]
[PlyCount "90"]
[EventDate "2024.06.18"]
[EventType "swiss (blitz)"]
[EventRounds "11"]
[EventCountry "USA"]
[SourceTitle "EXT 2025"]
[Source "ChessBase"]
[SourceDate "2024.10.14"]
[SourceVersion "1"]
[SourceVersionDate "2024.10.14"]
[SourceQuality "1"]

1. f4 g6 2. Nf3 Bg7 3. g3 d6 4. Bg2 e5 5. d3 Ne7 6. 0-0 0-0 7. c4 Nbc6 8. Nc3 Nd4 9. e3 Ndc6 10. Ng5 exf4 11. gxf4 Nf5 12. Nd5 Nce7 13. Rb1 Re8 14. e4 Nxd5 15. cxd5 Bd4+ 16. Kh1 Ne3 17. Bxe3 Bxe3 18. Qf3 Bd4 19. Qg3 Qf6 20. b4 Bd7 21. Rbc1 Rac8 22. Nf3 Be3 23. Ng5 Bxc1 24. Rxc1 h6 25. Nf3 Kg7 26. Qf2 Bg4 27. Nd4 Bd7 28. Rc4 c5 29. dxc6 bxc6 30. h3 c5 31. bxc5 dxc5 32. Nc2 Qb2 33. a4 Be6 34. Rxc5 Qc1+ 35. Kh2 Rxc5 36. Qxc5 Qxf4+ 37. Kg1 Rc8 38. Qd4+ Kg8 39. Ne3 Rc1+ 40. Nf1 Rc7 41. Qd8+ Kg7 42. e5 Rd7 43. Qa5 Qd4+ 44. Kh2 Qxd3 45. Qc5 Qd4 0-1

[Event "Titled Tuesday intern op 18th Jun Early"]
[Site "Chess.com INT"]
[Date "2024.06.18"]
[Round "3"]
[White "Bennett, David Michael"]
[Black "Selzler, Richard"]
[Result "1-0"]
[WhiteElo "2039"]
[BlackElo "2211"]
[PlyCount "63"]
[EventDate "2024.06.18"]
[EventType "swiss (blitz)"]
[EventRounds "11"]
[EventCountry "USA"]
[SourceTitle "EXT 2025"]
[Source "ChessBase"]
[SourceDate "2024.10.14"]
[SourceVersion "1"]
[SourceVersionDate "2024.10.14"]
[SourceQuality "1"]

1. f4 d5 2. Nf3 g6 3. c4 c6 4. cxd5 cxd5 5. Qb3 Bg7 6. Nc3 Nf6 7. e3 0-0 8. Be2 Nc6 9. Nb5 Ne4 10. 0-0 b6 11. Nc3 Be6 12. Qc2 Nb4 13. Qb1 Nc5 14. Nd4 Bxd4 15. f5 Bg7 16. fxe6 Nxe6 17. a3 Nc6 18. d4 Rc8 19. Bf3 Nc7 20. Kh1 e5 21. dxe5 Nxe5 22. Be2 d4 23. exd4 Qxd4 24. Bf4 Rcd8 25. Qe1 Ne6 26. Bg3 Nd3 27. Bxd3 Qxd3 28. Ne4 Nd4 29. Rd1 Qc4 30. Nf6+ Kh8 31. Be5 Nf5 32. Rf4 1-0

[Event "Titled Tuesday intern op 18th Jun Early"]
[Site "Chess.com INT"]
[Date "2024.06.18"]
[Round "6"]
[White "Brenke, Andreas"]
[Black "Bennett, David Michael"]
[Result "1-0"]
[WhiteElo "2349"]
[BlackElo "2039"]
[PlyCount "53"]
[EventDate "2024.06.18"]
[EventType "swiss (blitz)"]
[EventRounds "11"]
[EventCountry "USA"]
[SourceTitle "EXT 2025"]
[Source "ChessBase"]
[SourceDate "2024.10.14"]
[SourceVersion "1"]
[SourceVersionDate "2024.10.14"]
[SourceQuality "1"]

1. d4 b6 2. e4 Bb7 3. Bd3 e6 4. Nf3 d6 5. 0-0 Nd7 6. c4 Ne7 7. Nc3 g6 8. b4 Bg7 9. Bb2 c5 10. Nb5 Nf6 11. e5 Bxf3 12. Qxf3 Nf5 13. Bxf5 gxf5 14. Nxd6+ Kf8 15. exf6 Bxf6 16. Rad1 cxb4 17. Qb7 Be7 18. d5 Rg8 19. dxe6 Rb8 20. Qc6 fxe6 21. Nxf5 Qc8 22. Nxe7 Kxe7 23. Qd6+ Kf7 24. Qf4+ Ke8 25. Rfe1 Rb7 26. Qf6 Rg6 27. Qh8+ 1-0

[Event "Titled Tuesday intern op 11th Jun Early"]
[Site "Chess.com INT"]
[Date "2024.06.11"]
[Round "4"]
[White "Bennett, David Michael"]
[Black "Porozhniak, Maya"]
[Result "0-1"]
[WhiteElo "2039"]
[BlackElo "1933"]
[PlyCount "126"]
[EventDate "2024.06.11"]
[EventType "swiss (blitz)"]
[EventRounds "11"]
[EventCountry "USA"]
[SourceTitle "EXT 2025"]
[Source "ChessBase"]
[SourceDate "2024.10.14"]
[SourceVersion "1"]
[SourceVersionDate "2024.10.14"]
[SourceQuality "1"]

1. f4 c5 2. Nf3 e6 3. b3 Qc7 4. e3 d6 5. Bb2 Nf6 6. Bd3 a6 7. 0-0 Nc6 8. a3 Be7 9. Qe1 b5 10. c4 Rb8 11. cxb5 axb5 12. Nc3 c4 13. Bc2 cxb3 14. Bxb3 b4 15. axb4 Rxb4 16. Ra3 Na5 17. Qd1 Nxb3 18. Rxb3 Rxb3 19. Qxb3 0-0 20. Rc1 Qa5 21. Ra1 Qh5 22. Ne2 Nd5 23. Ng3 Qg4 24. Ra7 Bf6 25. e4 Bxb2 26. Qxb2 Nxf4 27. Ra8 Nd3 28. Qd4 Nc5 29. Qxd6 Nxe4 30. Nxe4 Qxe4 31. Qc5 Qb1+ 32. Kf2 Qb7 33. Ra4 Bd7 34. Rg4 Rc8 35. Qg5 g6 36. Rh4 Qb6+ 37. Kg3 Qd8 38. Qh6 Qc7+ 39. Kf2 Qc5+ 40. Kg3 Qd6+ 41. Kf2 Qc5+ 42. Kg3 Bb5 43. Qxh7+ Kf8 44. Qh8+ Ke7 45. Qc3 Qc7+ 46. Qxc7+ Rxc7 47. Rh7 Rc2 48. Ng5 Kf6 49. Rxf7+ Kxg5 50. h4+ Kh6 51. Rf4 Rxd2 52. Re4 Bd7 53. Re5 Rd5 54. Re4 Kg7 55. Rb4 Kf6 56. Rb7 Bb5 57. Kf3 Rd3+ 58. Kf2 Rb3 59. g4 Rb2+ 60. Ke3 Rb3+ 61. Kf4 Rb4+ 62. Kg3 Rb3+ 63. Kf4 e5+ 0-1

[Event "Titled Tuesday intern op 04th Jun Early"]
[Site "Chess.com INT"]
[Date "2024.06.04"]
[Round "3"]
[White "Bennett, David Michael"]
[Black "Eggleston, Thomas"]
[Result "0-1"]
[WhiteElo "2039"]
[BlackElo "2188"]
[PlyCount "62"]
[EventDate "2024.06.04"]
[EventType "swiss (blitz)"]
[EventRounds "11"]
[EventCountry "USA"]
[SourceTitle "EXT 2025"]
[Source "ChessBase"]
[SourceDate "2024.10.14"]
[SourceVersion "1"]
[SourceVersionDate "2024.10.14"]
[SourceQuality "1"]

1. f4 d5 2. Nf3 c5 3. b3 Nc6 4. e3 a6 5. Bb2 Bg4 6. h3 Bxf3 7. Qxf3 e6 8. d3 Nf6 9. g4 h6 10. h4 Bd6 11. g5 hxg5 12. hxg5 Rxh1 13. Qxh1 Nd7 14. Qh8+ Nf8 15. Bxg7 Nb4 16. Qh2 Qa5 17. Bc3 d4 18. exd4 cxd4 19. Bd2 Nxc2+ 20. Ke2 Qc7 21. Bc1 Nxa1 22. Kd1 Rc8 23. Bb2 Qc2+ 24. Qxc2 Nxc2 25. Nd2 Ne3+ 26. Ke2 Nxf1 27. Kxf1 Bxf4 28. Ne4 Be5 29. Ba3 Ng6 30. Nc5 b6 31. Nxa6 Ra8 0-1

[Event "Titled Tuesday intern op 04th Jun Early"]
[Site "Chess.com INT"]
[Date "2024.06.04"]
[Round "11"]
[White "Bennett, David Michael"]
[Black "Sabatier, Mathis"]
[Result "1/2-1/2"]
[WhiteElo "2039"]
[BlackElo "2133"]
[PlyCount "93"]
[EventDate "2024.06.04"]
[EventType "swiss (blitz)"]
[EventRounds "11"]
[EventCountry "USA"]
[SourceTitle "EXT 2025"]
[Source "ChessBase"]
[SourceDate "2024.10.14"]
[SourceVersion "1"]
[SourceVersionDate "2024.10.14"]
[SourceQuality "1"]

1. f4 d5 2. Nf3 g6 3. g3 Bg7 4. Bg2 Nf6 5. 0-0 0-0 6. e3 c5 7. Qe2 Nc6 8. d3 Bg4 9. h3 Bxf3 10. Qxf3 e5 11. Nc3 d4 12. Nd5 Nxd5 13. Qxd5 Qxd5 14. Bxd5 Nb4 15. Bb3 exf4 16. Rxf4 dxe3 17. Bxe3 Bxb2 18. Rb1 Bd4 19. Bxd4 cxd4 20. Rxd4 Nc6 21. Rd7 Rab8 22. Re1 Rfd8 23. Rxf7 Nd4 24. Rxb7+ Kh8 25. Rxa7 Nf3+ 26. Kf2 Nxe1 27. Kxe1 Re8+ 28. Kd2 Rf8 29. Rf7 Rxf7 30. Bxf7 Rf8 31. Be6 Rf3 32. a4 Rxg3 33. a5 Rg5 34. a6 Ra5 35. Bc4 g5 36. Kc3 h5 37. Kb4 Ra1 38. Kc5 g4 39. hxg4 hxg4 40. Kb6 g3 41. Bd5 Rb1+ 42. Kc7 Ra1 43. Kb7 Rb1+ 44. Kc7 Ra1 45. Kb6 Rb1+ 46. Kc5 Ra1 47. Kb6 1/2-1/2

[Event "Titled Tuesday intern op 04th Jun Early"]
[Site "Chess.com INT"]
[Date "2024.06.04"]
[Round "4"]
[White "Buenafe Moya, Javier"]
[Black "Bennett, David Michael"]
[Result "1-0"]
[WhiteElo "2199"]
[BlackElo "2039"]
[PlyCount "65"]
[EventDate "2024.06.04"]
[EventType "swiss (blitz)"]
[EventRounds "11"]
[EventCountry "USA"]
[SourceTitle "EXT 2025"]
[Source "ChessBase"]
[SourceDate "2024.10.14"]
[SourceVersion "1"]
[SourceVersionDate "2024.10.14"]
[SourceQuality "1"]

1. e4 c6 2. d4 d5 3. exd5 cxd5 4. c4 Nf6 5. Nc3 Be6 6. Nf3 dxc4 7. Bf4 Qa5 8. Be2 Nd5 9. Bd2 Nxc3 10. Bxc3 Qd5 11. a4 Nc6 12. a5 g6 13. Qa4 Bg7 14. Ne5 Rc8 15. 0-0 Bxe5 16. dxe5 0-0 17. Bf3 Qc5 18. Rfe1 b5 19. axb6 axb6 20. b4 cxb3 21. Rac1 b5 22. Qh4 Qb6 23. Bb2 Na5 24. Bd4 Qd8 25. Rcd1 Qe8 26. Qh6 Nc4 27. h4 Rd8 28. h5 Rd7 29. hxg6 fxg6 30. Bc6 Qf7 31. Bxd7 Bxd7 32. e6 Bxe6 33. Rxe6 1-0